000 00647nam a2200229 a 4500
001 72830
003 BD-RjUL
005 20211209082320.0
008 170524s1969 enka 000 0 eng d
020 _a042379390X (lp)
035 _a(BD-RjUL)73048
040 _aUKM
_cUKM
_dBD-RjUL
_beng
041 _aeng
082 0 4 _a570
_223
_bABA 1969
100 1 _aAbbott, David,
_d1937-
_9212975
245 1 0 _aAdvanced biology questions /
_cby David Abbott.
260 _aLondon :
_bMethuen Educational,
_c1969.
300 _a61 p. :
_bill. ;
_c21 cm.
650 0 _aQuestions and answers
_xBiology.
_9215413
650 0 _aBiology.
_9215414
942 _2ddc
_cBK
999 _c72830
_d72830